| 000 | 00468nam a2200181Ia 4500 | ||
|---|---|---|---|
| 001 | 14301 | ||
| 005 | 20260306164904.0 | ||
| 008 | 260306t2002||||xx |||||||||||||| ||spa|| | ||
| 041 | _aESP | ||
| 082 |
_a511.3 _bH75 |
||
| 100 |
_aHopcroft, John E. _eAUT |
||
| 245 | 0 | _aIntroducción a la teoría de autómatas, lenguajes y computación | |
| 260 | _c2002 | ||
| 300 |
_axvii., 562 páginas : _c24 cm. |
||
| 650 | _aGEN | ||
| 654 | _aCMA | ||
| 942 |
_cLIB _dJUS _fJUS _2ddc _n |
||
| 999 |
_c14301 _d14301 |
||